Biggest Films Released On December 25th (Christmas) - Statistics

General Stats
  • This quiz has been taken 69 times
  • The average score is 8 of 20
Answer Stats
Year Hint Answer % Correct
2003 Classic Tale Of A Boy Who Never Grows Up Peter Pan
88%
2012 Hugh Jackman, Russell Crowe And Anne Hathaway Star in This Famous Musical Les Miserables
71%
2008 Owen Wilson And Jennifer Aniston in This Funny Dog Movie Marley And Me
59%
2003 Steve Martin in This 12 People Family Comedy Film Cheaper By The Dozen
57%
2012 Quentin Tarantino Directs This Jamie Foxx And Leonardo Di Caprio Film Django Unchained
51%
2020 Gal Gadot And Chris Pine Star in This Sequel to a 2017 DCEU Film Wonder Woman 1984
51%
2020 Pixar's Newest Film Starring Jamie Foxx And Tina Fey Soul
47%
2002 Leonardo Di Caprio And Tom Hanks Both Star in This Dreamworks Live-Action Film Catch Me If You Can
43%
2015 Will Ferrell And Mark Wahlberg Play Rival Dads Daddy's Home
43%
2014 Anna Kendrick, Chris Pine and James Corden Star in This Disney Movie Into The Woods
43%
1957 This Sad Disney Dog Live-action Stars Both Tommy Kirk And Kevin Corcoran Old Yeller
43%
2018 Will Ferrell And John C. Reilly Play The Funny Versions of 2 Classic Detective Characters Holmes And Watson
41%
1973 Red Haired Freckled Little Girl Who Also Happens To Be The Worlds Strongest Girl! Pippi Longstocking
39%
2019 Starring Benedict Cumberbatch And More This Film Takes Place During World War I 1917
35%
2008 Adam Sandler But Kid Friendly And Disney Produced Bedtime Stories
27%
2019 Emma Watson, Meryl Streep And More! Little Women
20%
2019 Will Smith And Tom Holland Lend There Voices To This Animated Spy Film Spies In Disguise
18%
2015 Samuel L. Jackson And Chris Pratt in This Western Film The Hateful Eight
12%
2004 Kenan Thompson Stars in This Remake Type Film Fat Albert
10%
2020 Sharkboy And Lavagirl Spin-off Film We Can Be Heroes
8%
No matching quizzes found
Score Distribution
Percent of People with Each Score
Percentile by Number Answered
Your Score History
You have not taken this quiz